A-Z Séries - Statistics

Estatísticas Gerais
  • Esse quiz foi jogado 176 vezes
  • A pontuação média é 4 de 26
Estatísticas das Respostas
Hint Resposta % Correto
B Bridgerton / Brooklyn 99
46%
A Anne with an E / Atypical
44%
L La Casa de Papel / Lucifer
37%
S Stranger Things / Sex Education
34%
F Friends / Firefly Lane
30%
G Gossip Girl / Ginny and Georgia
23%
R Riverdale / Rabo de Peixe
22%
E Emily in Paris / Elite
21%
O Once Upon a Time / Outer Banks
21%
T The Vampire Diaries / The Office
21%
C Cobra Kai / Chilling Adventures of Sabrina
19%
H Heartstopper / How I Met Your Mother
13%
D Dynasty / Dark
11%
P Prison Break / Peaky Blinders
10%
J Jane The Virgin / Julie and The Phantoms
9%
M Manifest / Maid
6%
W Wednesday / Warrior Nun
6%
U Umbrella Academy / Unorthodox
4%
N New Girl / Never Have I Ever
3%
I Insatiable / iZombie
2%
Y You, Young Royals
2%
K Kardashians / Killing Eve
1%
Q Queen's Gambit / Queen Charlotte
1%
V Velvet / Virgin River
1%
X XO Kitty
1%
Z Z Nation
1%
Nenhum quiz correspondente encontrado
Distribuição das Pontuações
Porcentagem de Pessoas com Cada Pontuação
Percentil de Números Respondidos
Sua Pontuação Histórica
Você não jogou esse quiz